000 01293nam a2200217Ia 4500
003 Ost
005 20260416102359.0
008 260416s9999||||xx |||||||||||||| ||und||
040 _cfsecg
041 _aara
082 _a338.5
100 _aبن قويدر، حياة
_eمؤلف
245 0 _a محاضرات وتمارين في الإقتصاد الجزئي 1 :
_bموجهة لطلبة السنة الاولى جذع مشترك /
_c حياة بن قويدر
260 _aالجزائر
_bجامعة الجزائر3: كلية العلوم الإقتصادية، العلوم التجارية وعلوم التسيير
_c2022
300 _a101 ورقة
_bايضاحات
_c30 سم
504 _aالمراجع ص.101
520 _aمفهوم علم الاقتصاد ، المشكلة الاقتصادية ، النظرية الاقتصادية و النموذج الاقتصادي الطلب ، مرونات الطلب ، العرض مرونة العرض ، توازن السوق ، تطبيقات على توازن السوق ، نظرية المستهلك.
653 _aالاقتصاد الجزئي
710 _aجامعة الجزائر3: كلية العلوم الإقتصادية، العلوم التجارية وعلوم التسيير
_eناشر علمي
942 _cHANDOUT
999 _c41328
_d41328